Ellentétek és ellentmondások - a Magyar Szó és a Népszabadság tudósításai az 1968-as prágai tavaszról [absztrakt] /

Elmentve itt :
Bibliográfiai részletek
Szerző: Kőrösi Márk
Testületi szerző: Szegedi Történészhallgatók Egyesületének konferenciája (6.)
Dokumentumtípus: Könyv része
Megjelent: Belvedere Meridionale Szeged 2024
Sorozat:Szegedi Történészhallgatók Egyesületének Konferenciái 6
Kulcsszavak:Sajtótörténet - 1968 - előadáskivonat, Csehszlovákia története - 1968 - előadáskivonat
Tárgyszavak:
Online Access:http://acta.bibl.u-szeged.hu/86132
LEADER 01045naa a2200217 i 4500
001 acta86132
005 20250109103022.0
008 250109s2024 hu o 100 hun d
020 |a 978-615-6060-84-6 
040 |a SZTE Egyetemi Kiadványok Repozitórium  |b hun 
041 |a hun 
100 1 |a Kőrösi Márk 
245 1 0 |a Ellentétek és ellentmondások - a Magyar Szó és a Népszabadság tudósításai az 1968-as prágai tavaszról   |h [elektronikus dokumentum] :  |b [absztrakt] /  |c  Kőrösi Márk 
260 |a Belvedere Meridionale  |b Szeged  |c 2024 
300 |a 28 
490 0 |a Szegedi Történészhallgatók Egyesületének Konferenciái  |v 6 
650 4 |a Bölcsészettudományok 
650 4 |a Történettudomány és régészet 
695 |a Sajtótörténet - 1968 - előadáskivonat, Csehszlovákia története - 1968 - előadáskivonat 
711 |a Szegedi Történészhallgatók Egyesületének konferenciája (6.)  |c Szeged  |d 2024. április 18-19. 
856 4 0 |u http://acta.bibl.u-szeged.hu/86132/1/SZETE_absztraktkotet_006_028.pdf  |z Dokumentum-elérés